Score 0/33 Timer 03:00
0 Plays Today
Clue 4-Letter Word % Correct
Yin's counterpartYANG
93.4%
Church benchesPEWS
91.2%
Clubs, perhapsSUIT
91.1%
Cell phone messageTEXT
90.9%
Place on the busSEAT
90.4%
Breaking stories!NEWS
90.2%
Cookware for fryingPANS
89.2%
Feeling of hungerPANG
88.1%
PrecipitationRAIN
86.9%
Zoo enclosuresPENS
86.3%
Small salamanderNEWT
86.2%
Part of a cow's udderTEAT
85.5%
Get-out-of-jail moneyBAIL
85.5%
Expose one's buttocksMOON
82.7%
Egg foo ____YUNG
82.2%
NourishmentFOOD
80.7%
Throw in the towelQUIT
78.5%
Clue 4-Letter Word % Correct
Like some juriesHUNG
77.7%
Succeeding?NEXT
77.7%
Emotional stateMOOD
77.3%
Masked critterCOON
71.5%
NarcissisticVAIN
70.7%
Colorado ski resortVAIL
70.2%
Absolute garbageJUNK
67.3%
Skin swellingBOIL
64.3%
Beefcake?HUNK
64%
InterrogateQUIZ
62.6%
A Slinky is oneCOIL
61%
Pence or LoonieCOIN
59.7%
DevastateRUIN
59.2%
Phillies catcher CarlosRUIZ
55.3%
Petty quarrelSPAT
55.2%
Rotisserie rodSPIT
54.6%

Today's Daily Dose

Remove Ads.
Support Sporcle.
Get the best of Sporcle when you Go Orange. This ad-free experience offers more features, more stats, and more fun while also helping to support Sporcle. Thank you for becoming a member.

You're not logged in!

Compare scores with friends on all Sporcle quizzes.
OR
Log In

Show Comments

Extras

Top Quizzes Today


Score Distribution

Your Account Isn't Verified!

In order to create a playlist on Sporcle, you need to verify the email address you used during registration. Go to your Sporcle Settings to finish the process.

Report this User

Report this user for behavior that violates our Community Guidelines.

Details: